| 000 | 00362nam a22001337a 4500 | ||
|---|---|---|---|
| 082 | _a338.5409497HOR. | ||
| 100 | _aHorvat, Branko. | ||
| 245 | _aBusiness cycles in Yugoslavia. | ||
| 260 |
_aNew York. _bPrivredni ciklusi u jugoslaviji. _c1971. |
||
| 300 |
_ax, 259p. _bill.; 22cm. |
||
| 500 | _aIncludes appendix and graphs. | ||
| 650 | _aBusiness. | ||
| 942 | _cBK | ||
| 999 |
_c13397 _d13397 |
||